TV Duo Match-Up Quiz Stats

 Plays Quiz Updated Apr 10, 2015

Challenge
Share
Tweet
Score 0/20 Timer 02:00
3 Plays Today
% Correct
Beavis
98.8%
Starsky
96.3%
Tom
95.1%
Will
94.9%
Mork
94%
Phineas
93.5%
Pinky
92.8%
Mike
92.2%
Ren
91.6%
Laverne
91.1%
% Correct
Sanford
91.1%
Dharma
89.2%
Simon
87.1%
Kenan
86.4%
Cagney
85.3%
Drake
83.9%
Kate
75.6%
Jake
75.1%
Hardcastle
72.6%
McMillan
72%

You're not logged in!

Compare scores with friends on all Sporcle quizzes.
OR
Log In

You Might Also Like...

Show Comments

Extras

Top Quizzes Today


Score Distribution

Your Account Isn't Verified!

In order to create a playlist on Sporcle, you need to verify the email address you used during registration. Go to your Sporcle Settings to finish the process.

Report this User

Report this user for behavior that violates our Community Guidelines.

Details: